000 01282nam a22003617a 4500
003 CHAP
005 20220329133021.0
008 971013s1989 r 00010 d
010 _a1315
011 _a2287
035 _a1480
040 _cCHAP
090 _aTesis
100 0 0 _aGutiérrez Torres, Juan José.
_951848
245 1 _aEfecto del corte y movimiento del fermento sobre la calidad de semilla de sandía (Citrullus lanatus (thumb) Matsum y Nakai)cv. Charlesteios gray en Marín, N. L.
260 _aMarín, N. L. :
_bEl autor,
_c1989
300 _a75 h.
500 _a40-84
502 _aTesis (Ing. Agr. Fitotecnista). -- Univ. Autónoma de Nuevo León. Fac. de Agronomía
590 _aALEPH
_b10
_c20130110
_lUCH01
_h1207
590 _aBATCH-UPD
_b10
_c20130110
_lUCH01
_h0054
590 _aBATCH-UPD
_b10
_c20130110
_lUCH01
_h0937
590 _aBATCH-UPD
_b10
_c20130409
_lUCH01
_h2042
590 _aBATCH-UPD
_b10
_c20130410
_lUCH01
_h0554
590 _aBATCH-UPD
_b10
_c20130914
_lUCH01
_h1558
590 _aCONVERSION
_b10
_c20130109
_lUCH01
_h1302
650 0 4 _aSandía
_xRendimiento.
_9102081
650 1 4 _aSandía
_xNuevo León.
_9102074
650 1 4 _aSandía
_xSemilla.
_9102082
901 _aBK
942 _cTESIS
949 _bBC
_cTES
_d-10966
_eTS1
_h22859
_i1480
_si
999 _c1315
_d1315